Folktales of Bangladesh / (Record no. 7830)
[ view plain ]
| 000 -LEADER | |
|---|---|
| fixed length control field | 00747cam a2200253 i 4500 |
| 001 - CONTROL NUMBER | |
| JCCL Control Number | 7830 |
| 003 - CONTROL NUMBER IDENTIFIER | |
| JCCL marc code | BD-JhCC |
| 005 - DATE AND TIME OF LATEST TRANSACTION | |
| control field | 20180214131409.0 |
| 008 - FIXED-LENGTH DATA ELEMENTS--GENERAL INFORMATION | |
| fixed length control field | 800204s1972 bg a 000 0 eng |
| 035 ## - SYSTEM CONTROL NUMBER | |
| system control number | (BD-JhCC)7830 |
| 040 ## - CATALOGING SOURCE | |
| Original cataloging agency | DLC |
| Transcribing agency | DLC |
| Modifying agency | DLC |
| -- | BD-JhCC |
| 041 1# - LANGUAGE CODE | |
| Language code of Book | engben |
| 050 00 - LIBRARY OF CONGRESS CALL NUMBER | |
| Classification number | GR304.5 |
| Item number | .C46 |
| 082 00 - DEWEY DECIMAL CLASSIFICATION NUMBER | |
| Classification number | 398.2/09549/2 |
| Author mark and Year | CHO 1972 |
| 100 1# - MAIN ENTRY--PERSONAL NAME | |
| Personal name | Chowdhury, Kabir, |
| Dates associated with a name | 1923-2011. |
| 245 10 - TITLE STATEMENT | |
| Title | Folktales of Bangladesh / |
| Statement of responsibility, etc | [Compiled, edited, and translated from original Bengali by Kabir Chowdhury]. |
| 250 ## - EDITION STATEMENT | |
| Edition statement | 1st ed. |
| 260 ## - PUBLICATION, DISTRIBUTION, ETC. (IMPRINT) | |
| Place of publication, distribution, etc | Dacca : |
| Name of publisher, distributor, etc | Bangla Academy, |
| Date of publication, distribution, etc | 1972. |
| 300 ## - PHYSICAL DESCRIPTION | |
| Pagination | v. : |
| Other physical details | ill. ; |
| Dimensions | 22 cm. |
| 650 #0 - SUBJECT ADDED ENTRY--TOPICAL TERM | |
| Topical term or geographic name as entry element | Bengali (South Asian people) |
| General subdivision | Folklore. |
| 650 #0 - SUBJECT ADDED ENTRY--TOPICAL TERM | |
| Topical term or geographic name as entry element | Tales |
| Geographic subdivision | Bangladesh. |
| 942 ## - ADDED ENTRY ELEMENTS (KOHA) | |
| Source of classification or shelving scheme | Dewey Decimal Classification |
| Koha item type | Books |
| Source of classification or shelving scheme | Damaged status | Not for loan | Home library | Current library | Shelving location | Total Checkouts | Full call number | Barcode | Date last seen | Copy number | Koha item type |
|---|---|---|---|---|---|---|---|---|---|---|---|
| Dewey Decimal Classification | JCC Rouf Library | JCC Rouf Library | General Stacks | 398.2/09549/2 CHO 1972 | 9212 | 02/14/2018 | C - 1 | Books |